Kentucky State Parks - Statistics

General Stats
  • This quiz has been taken 12 times
  • The average score is 11 of 37
Answer Stats
Answer % Correct
Natural Bridge State Resort Park
80%
Cumberland Falls State Resort Park
70%
Rough River Dam State Resort Park
60%
Lake Cumberland State Resort Park
50%
Barren River Lake State Resort Park
40%
Breaks Interstate Park (Shared with Virginia)
40%
E.P. Tom Sawyer State Park
40%
Kenlake State Resort Park
40%
Kentucky Dam Village State Resort Park
40%
Kingdom Come State Park
40%
Pine Mountain State Resort Park
40%
Columbus-Belmont State Park
30%
Fort Boonesborough State Park
30%
General Butler State Resort Park
30%
Green River Lake State Park
30%
Jenny Wiley State Resort Park
30%
Kincaid Lake State Park
30%
Lake Barkley State Resort Park
30%
Lake Malone State Park
30%
Lincoln Homestead State Park
30%
My Old Kentucky Home State Park
30%
Paintsville Lake State Park
30%
Blue Licks Battlefield State Resort Park
20%
Carter Caves State Resort Park
20%
Grayson Lake State Park
20%
John James Audubon State Park
20%
Nolin Lake State Park
20%
Old Fort Harrod State Park
20%
Pennyrile Forest State Resort Park
20%
Taylorsville Lake State Park
20%
Buckhorn Lake State Resort Park
10%
Carr Creek State Park
10%
Dale Hollow Lake State Resort Park
10%
General Burnside Island State Park
10%
Greenbo Lake State Resort Park
10%
Mineral Mound State Park
10%
Yatesville Lake State Park
10%
No matching quizzes found
Score Distribution
Percent of People with Each Score
Percentile by Number Answered
Your Score History
You have not taken this quiz